| 000 | 00645nam a22002057a 4500 | ||
|---|---|---|---|
| 999 |
_c179233 _d179233 |
||
| 005 | 20210603111049.0 | ||
| 010 | _aB-739954 | ||
| 020 | _a9788129119360 | ||
| 035 | _aB-739954 | ||
| 037 | _bGift | ||
| 082 | _a921 | ||
| 100 | _aSampath, Vikram | ||
| 245 |
_aVoice of the veena S Balachander: _ba biography / _cby Vikram Sampath |
||
| 260 |
_aNew Delhi _bRupa Publications _c2012 |
||
| 270 |
_a7/16, Ansari Road, Daryaganj _bNew Delhi _e110002 |
||
| 300 |
_axxiii, 446p.: _c22cm(Hb) _bill. |
||
| 500 | _aIncludes index | ||
| 942 |
_2ddc _cEN _h921 _mSAM |
||